00221nam a2200097Ia 4500008004100000041000800041100001300049245003200062650001000094999001900104230605s9999 xx 000 0 und d aeng aTodiwala aInternational Cuisine India aF. P. c417188d417188